[Event "Sofia Accedia op"]
[Site "Sofia"]
[Date "2023.03.25"]
[Round "1"]
[White "Dimitrov, Nikolay"]
[Black "Andreev, Stanislav"]
[Result "0-1"]
[WhiteElo "1012"]
[BlackElo "2109"]
[PlyCount "54"]
[EventDate "2023.03.25"]
[EventType "swiss"]
[EventRounds "9"]
[EventCountry "BUL"]
[SourceTitle "CBM 213 Extra"]
[Source "ChessBase"]
[SourceDate "2023.05.31"]
[SourceVersion "1"]
[SourceVersionDate "2023.05.31"]
[SourceQuality "1"]

1. d4 d5 2. c4 c6 3. Nc3 Nf6 4. Bf4 dxc4 5. e4 b5 6. a4 b4 7. Nb1 Nxe4 8. Bxc4 Bf5 9. Nf3 e6 10. 0-0 Bd6 11. Be5 0-0 12. Re1 Qc7 13. Nbd2 Nxd2 14. Qxd2 Nd7 15. Rac1 Rfd8 16. Qf4 Nxe5 17. Nxe5 Bg6 18. Qf3 Bxe5 19. dxe5 Rd2 20. b3 Rad8 21. h4 h5 22. g4 hxg4 23. Qxg4 R8d4 24. Qg5 Qb6 25. Bxe6 Rg4+ 26. Bxg4 Qxf2+ 27. Kh1 Qh2# 0-1

[Event "EU-ch 23rd"]
[Site "Vrnjacka Banja"]
[Date "2023.03.11"]
[Round "9"]
[White "Andreev, Stanislav"]
[Black "Petrekanovic, Miroslav"]
[Result "0-1"]
[WhiteElo "2016"]
[BlackElo "2179"]
[PlyCount "92"]
[EventDate "2023.03.03"]
[EventType "swiss"]
[EventRounds "11"]
[EventCountry "SRB"]
[SourceTitle "CBM 213"]
[Source "ChessBase"]
[SourceDate "2023.04.30"]
[SourceVersion "1"]
[SourceVersionDate "2023.04.30"]
[SourceQuality "1"]

1. d4 d5 2. c4 e5 3. dxe5 d4 4. Nf3 Nc6 5. a3 Nge7 6. b4 Ng6 7. Bb2 a5 8. b5 Ncxe5 9. Nxe5 Nxe5 10. e3 Be6 11. Bxd4 Nxc4 12. Nd2 Nxd2 13. Qxd2 Qd5 14. Qc3 f6 15. f3 Bd6 16. Bd3 Qb3 17. Qxb3 Bxb3 18. Be4 0-0-0 19. Kf2 a4 20. Rhc1 h5 21. h4 Be5 22. Bxe5 fxe5 23. Rc5 Rd2+ 24. Kg3 Re8 25. Rac1 Re7 26. Bc2 b6 27. Rc3 Bxc2 28. R1xc2 Rd5 29. Rb2 e4 30. Rc4 exf3 31. Kxf3 Rd3 32. Rxa4 Rexe3+ 33. Kf4 Rg3 34. Kf5 Rd5+ 35. Ke6 Rd6+ 36. Ke5 Kd7 37. Kf5 Rf6+ 38. Ke5 Re3+ 39. Kd4 Rfe6 40. Rc4 R6e4+ 41. Kd5 Rxc4 42. Kxc4 Rxa3 43. Kd5 Rg3 44. Ke5 Rg4 45. Kf5 Rxh4 46. Kg5 Rh2 0-1

[Event "Thessaloniki-Chalkidiki-chT"]
[Site "Thessaloniki"]
[Date "2022.03.19"]
[Round "4"]
[White "Andreev, Stanislav"]
[Black "Lianas, Ioannis"]
[Result "0-1"]
[WhiteElo "2055"]
[BlackElo "1954"]
[PlyCount "134"]
[EventDate "2022.02.20"]
[EventType "team-tourn"]
[EventRounds "7"]
[EventCountry "GRE"]
[SourceTitle "EXT 2024"]
[Source "ChessBase"]
[SourceDate "2023.10.10"]
[SourceVersion "1"]
[SourceVersionDate "2023.10.10"]
[SourceQuality "1"]

1. d4 c5 2. d5 g6 3. c4 d6 4. Nc3 Bg7 5. Nf3 Nf6 6. Bf4 0-0 7. Qd2 b5 8. cxb5 a6 9. b6 Qxb6 10. e4 e6 11. Be2 exd5 12. exd5 Re8 13. 0-0 Bf5 14. Rac1 Ne4 15. Nxe4 Bxe4 16. b3 Nd7 17. Ng5 Nf6 18. Nxe4 Nxe4 19. Qd3 Re7 20. Bf3 Rae8 21. Rc4 Bd4 22. g3 f5 23. h4 Kg7 24. Kg2 Nf6 25. Qd2 Kf7 26. Qd3 Nd7 27. Ra4 Ra8 28. Qd1 Be5 29. Bd2 Bf6 30. Kg1 Qb5 31. Rc4 Rae8 32. Bf4 Be5 33. Bg5 Bf6 34. Bxf6 Kxf6 35. Bg2 Ne5 36. Qa1 Kf7 37. Rc2 Qd3 38. Qc1 Qd4 39. Qh6 Kg8 40. h5 Nf7 41. Qc1 g5 42. Rc4 Qf6 43. Ra4 Re2 44. Bf3 Rb2 45. Rxa6 g4 46. Bd1 Qd4 47. Ra4 Qd2 48. Qxd2 Rxd2 49. b4 c4 50. b5 Ne5 51. Rb4 c3 52. b6 c2 53. Bxc2 Rxc2 54. b7 Nd7 55. a4 Ra2 56. Rc1 Kf7 57. Rc7 Re1+ 58. Kg2 Raa1 59. Rxd7+ Kf6 60. Rxd6+ Kg7 61. h6+ Kf7 62. Rd7+ Kg6 63. Rg7+ Kh5 64. Rgxg4 fxg4 65. Rxg4 Kxg4 66. f3+ Kg5 67. Kf2 Reb1 0-1

[Event "Belgrade Serbia op"]
[Site "Belgrade"]
[Date "2021.07.06"]
[Round "7"]
[White "Masic, Predrag"]
[Black "Andreev, Stanislav"]
[Result "1/2-1/2"]
[WhiteElo "2268"]
[BlackElo "2101"]
[PlyCount "93"]
[EventDate "2021.07.02"]
[EventType "swiss"]
[EventRounds "9"]
[EventCountry "SRB"]
[SourceTitle "EXT 2022"]
[Source "ChessBase"]
[SourceDate "2021.10.06"]
[SourceVersion "1"]
[SourceVersionDate "2021.10.06"]
[SourceQuality "1"]

1. e4 c6 2. d4 d5 3. exd5 cxd5 4. Bd3 Nc6 5. c3 g6 6. Bf4 Bf5 7. Bxf5 gxf5 8. Nf3 e6 9. 0-0 Bd6 10. Bxd6 Qxd6 11. Re1 0-0-0 12. Ne5 Nxe5 13. dxe5 Qb6 14. Nd2 Ne7 15. Nb3 Nc6 16. Qh5 Qc7 17. Qe2 Qb6 18. Rad1 Rhg8 19. Qe3 Qxe3 20. Rxe3 Rg4 21. f3 Rg5 22. f4 Rg4 23. g3 Rdg8 24. Kf2 h5 25. h4 Kb8 26. Nd4 Nxd4 27. Rxd4 Rc8 28. Ke2 Rgg8 29. Kd2 Rc6 30. Kc2 Rgc8 31. b3 b5 32. Kb2 Kb7 33. Rf3 Kb6 34. Re3 a5 35. a3 Rg8 36. Rf3 Rg6 37. Re3 Rc8 38. b4 Rgg8 39. Kb3 Rc4 40. Rf3 Rgc8 41. Re3 axb4 42. axb4 Rxd4 43. cxd4 Rc1 44. Rd3 Rc4 45. Rd1 Kc7 46. Rd2 Kb6 47. Rd1 1/2-1/2

[Event "Belgrade Serbia op"]
[Site "Belgrade"]
[Date "2021.07.04"]
[Round "4"]
[White "Andreev, Stanislav"]
[Black "Lever, Erwan"]
[Result "1/2-1/2"]
[WhiteElo "2101"]
[BlackElo "2231"]
[PlyCount "114"]
[EventDate "2021.07.02"]
[EventType "swiss"]
[EventRounds "9"]
[EventCountry "SRB"]
[SourceTitle "CBM 203 Extra"]
[Source "ChessBase"]
[SourceDate "2021.09.30"]
[SourceVersion "1"]
[SourceVersionDate "2021.09.30"]
[SourceQuality "1"]

1. d4 Nf6 2. c4 g6 3. Nc3 d5 4. cxd5 Nxd5 5. e4 Nxc3 6. bxc3 Bg7 7. Qa4+ Nd7 8. Nf3 0-0 9. Be2 c5 10. 0-0 Nb6 11. Qa3 cxd4 12. cxd4 Bg4 13. Be3 Qd6 14. Qxd6 exd6 15. Rac1 Rfe8 16. h3 Bd7 17. Nd2 Rac8 18. Rfe1 Na4 19. Nc4 Bf8 20. Bd3 b5 21. Nd2 Nc3 22. d5 a6 23. a3 Bg7 24. Rc2 Na4 25. Rec1 Bb2 26. Rxc8 Rxc8 27. Rxc8+ Bxc8 28. Nb1 Kf8 29. Kf1 Nc3 30. Nxc3 Bxc3 31. Bc1 Bd7 32. Ke2 a5 33. Kd1 Ke7 34. Kc2 Bd4 35. f3 Bc5 36. Bg5+ f6 37. Bc1 b4 38. axb4 Ba4+ 39. Kb2 Bxb4 40. Be3 Bd7 41. Kb3 h5 42. Ba6 f5 43. Bg5+ Kf7 44. Kc4 fxe4 45. fxe4 Ba4 46. Kd4 Bc5+ 47. Kc3 Bd1 48. Kd2 Bb3 49. Kc3 a4 50. Bc4 Bxc4 51. Kxc4 a3 52. Kb3 Kg7 53. Ka2 Kf8 54. Bc1 Ke7 55. Bg5+ Kd7 56. Bc1 Ke7 57. Bg5+ Kd7 1/2-1/2

[Event "Belgrade Serbia op"]
[Site "Belgrade"]
[Date "2021.07.03"]
[Round "3"]
[White "Durak, Can"]
[Black "Andreev, Stanislav"]
[Result "1/2-1/2"]
[WhiteElo "2275"]
[BlackElo "2101"]
[PlyCount "132"]
[EventDate "2021.07.02"]
[EventType "swiss"]
[EventRounds "9"]
[EventCountry "SRB"]
[SourceTitle "CBM 203 Extra"]
[Source "ChessBase"]
[SourceDate "2021.09.30"]
[SourceVersion "1"]
[SourceVersionDate "2021.09.30"]
[SourceQuality "1"]

1. d4 d5 2. c4 c6 3. cxd5 cxd5 4. Nc3 Nf6 5. Bf4 e6 6. e3 Be7 7. Nf3 0-0 8. Bd3 Bd7 9. 0-0 Nc6 10. Ne5 Rc8 11. Rc1 a6 12. Nxd7 Nxd7 13. Qe2 b5 14. a4 Nb4 15. axb5 Nxd3 16. Qxd3 axb5 17. Qxb5 Rc4 18. Na2 Rxc1 19. Rxc1 Nf6 20. Nb4 Bxb4 21. Qxb4 Qa8 22. h3 Qa6 23. Be5 Ne4 24. f3 Qd3 25. Qe1 Nf6 26. Qc3 Qb5 27. Bd6 Rd8 28. Bf4 h6 29. b4 Ra8 30. Qc6 Qxc6 31. Rxc6 Ra1+ 32. Kh2 Rb1 33. Rc8+ Kh7 34. Rb8 g5 35. Bg3 Rb3 36. b5 Rxe3 37. Rb7 Kg6 38. b6 Rb3 39. Bd6 h5 40. Bc5 h4 41. Re7 Nh5 42. b7 Ng3 43. Kg1 e5 44. dxe5 d4 45. Kf2 Rb1 46. Bxd4 Nf5 47. Rd7 Nxd4 48. Rxd4 Rxb7 49. f4 Kf5 50. fxg5 Rb2+ 51. Kf3 Rb3+ 52. Kf2 Rb2+ 53. Kg1 Kxg5 54. Rg4+ Kf5 55. Rxh4 Kxe5 56. Rg4 f5 57. Rg8 Kf4 58. h4 Ke5 59. Kh2 Kf6 60. h5 Rb7 61. Rg6+ Kf7 62. Kh3 Rb4 63. g4 fxg4+ 64. Rxg4 Rxg4 65. Kxg4 Kg7 66. h6+ Kxh6 1/2-1/2

[Event "Stara Zagora Trayana Spring"]
[Site "Stara Zagora"]
[Date "2021.03.20"]
[Round "3"]
[White "Panbukchian, Valentin"]
[Black "Andreev, Stanislav"]
[Result "1/2-1/2"]
[WhiteElo "2346"]
[BlackElo "2113"]
[PlyCount "126"]
[EventDate "2021.03.20"]
[EventType "swiss"]
[EventRounds "7"]
[EventCountry "BUL"]
[SourceTitle "EXT 2022"]
[Source "ChessBase"]
[SourceDate "2021.10.06"]
[SourceVersion "1"]
[SourceVersionDate "2021.10.06"]
[SourceQuality "1"]

1. f4 d5 2. Nf3 Bg4 3. Ne5 Bh5 4. c4 f6 5. Nf3 Nc6 6. d4 e6 7. e3 Nh6 8. Be2 Be7 9. 0-0 0-0 10. Nc3 Kh8 11. a3 dxc4 12. Bxc4 e5 13. fxe5 fxe5 14. d5 Na5 15. Be2 Bf6 16. b4 e4 17. Nd4 Bxd4 18. Rxf8+ Qxf8 19. exd4 Bxe2 20. Qxe2 Nb3 21. Rb1 Nxc1 22. Rxc1 Re8 23. Nb5 Qf4 24. Rf1 Qh4 25. Nxc7 Rd8 26. h3 Ng8 27. Qe3 Nf6 28. Rf5 h6 29. Rf4 Qg5 30. Ne6 Qxd5 31. Nxd8 Qxd8 32. Rxe4 Nxe4 33. Qxe4 Qb6 34. Kh2 a5 35. bxa5 Qd6+ 36. Qe5 Qxa3 37. Qe8+ Kh7 38. Qe4+ Kh8 39. Qxb7 Qxa5 40. Qe7 Qd2 41. Qe5 Qc3 42. Qe8+ Kh7 43. Qe4+ Kh8 44. h4 Qc7+ 45. Qe5 Qc3 46. h5 Qa1 47. Kg3 Qc3+ 48. Kh4 Kh7 49. Qf5+ Kh8 50. d5 Qd4+ 51. Kh3 Qe3+ 52. g3 Qd2 53. Qe6 Qd1 54. Qe8+ Kh7 55. Qg6+ Kh8 56. d6 Qf1+ 57. Kg4 Qe2+ 58. Kf5 Qd3+ 59. Ke6 Qe3+ 60. Kf7 Qb3+ 61. Ke7 Qb7+ 62. d7 Qb4+ 63. Ke8 Qf8+ 1/2-1/2

[Event "Mutxamel 1st"]
[Site "Mutxamel"]
[Date "2019.09.18"]
[Round "4"]
[White "Andreev, Stanislav"]
[Black "Cano Gimenez, Vicente"]
[Result "1/2-1/2"]
[WhiteElo "2165"]
[BlackElo "2259"]
[PlyCount "63"]
[EventDate "2019.09.16"]
[EventType "tourn"]
[EventRounds "9"]
[EventCountry "ESP"]
[SourceTitle "EXT 2020"]
[Source "ChessBase"]
[SourceDate "2019.10.17"]
[SourceVersion "1"]
[SourceVersionDate "2019.10.17"]
[SourceQuality "1"]

1. d4 Nf6 2. c4 e6 3. Nc3 Bb4 4. e3 b6 5. Nge2 Bb7 6. a3 Be7 7. d5 0-0 8. e4 Re8 9. g3 b5 10. cxb5 Nxe4 11. Bg2 Nxc3 12. bxc3 exd5 13. Bxd5 Bxd5 14. Qxd5 c6 15. bxc6 dxc6 16. Qxd8 Bxd8 17. Be3 Bb6 18. Bxb6 axb6 19. Kd2 Nd7 20. Nd4 c5 21. Nb5 Ne5 22. Kc2 Rad8 23. Nc7 Re7 24. Rhe1 Rxc7 25. Rxe5 Rcd7 26. Re2 g6 27. Rb1 Ra8 28. Rxb6 Rxa3 29. Rb3 Ra2+ 30. Rb2 Ra3 31. Rb3 Ra2+ 32. Rb2 1/2-1/2

[Event "Mutxamel 1st"]
[Site "Mutxamel"]
[Date "2019.09.17"]
[Round "2"]
[White "Andreev, Stanislav"]
[Black "Bendayan Claros, Aaron Arturo"]
[Result "0-1"]
[WhiteElo "2165"]
[BlackElo "2167"]
[PlyCount "80"]
[EventDate "2019.09.16"]
[EventType "tourn"]
[EventRounds "9"]
[EventCountry "ESP"]
[SourceTitle "EXT 2020"]
[Source "ChessBase"]
[SourceDate "2019.10.17"]
[SourceVersion "1"]
[SourceVersionDate "2019.10.17"]
[SourceQuality "1"]

1. d4 Nf6 2. c4 e6 3. Nc3 Bb4 4. e3 c5 5. Nge2 d5 6. a3 Bxc3+ 7. Nxc3 cxd4 8. exd4 dxc4 9. Bxc4 Nc6 10. Be3 0-0 11. 0-0 b6 12. Qd3 Bb7 13. Rad1 Ne7 14. Bg5 Ned5 15. Ne4 h6 16. Bh4 Rc8 17. Ba2 g5 18. Nxf6+ Nxf6 19. Bg3 Bd5 20. Bxd5 Qxd5 21. f4 Ne4 22. fxg5 hxg5 23. Be5 g4 24. Rf4 f5 25. Qe3 Rc2 26. h3 gxh3 27. Qxh3 Kf7 28. Qh7+ Ke8 29. Qg6+ Kd8 30. Rh4 Kc8 31. Rh7 Rd8 32. Qg7 Rd7 33. Qg8+ Kb7 34. Rxd7+ Qxd7 35. d5 exd5 36. Rxd5 Qc6 37. Qg7+ Ka6 38. Rd1 Nf2 39. Rd6 Qe4 40. Qg3 Qe1+ 0-1

[Event "Mutxamel 1st"]
[Site "Mutxamel"]
[Date "2019.09.16"]
[Round "1"]
[White "Andreev, Stanislav"]
[Black "Arias Igual, Alejandro"]
[Result "1/2-1/2"]
[WhiteElo "2165"]
[BlackElo "2224"]
[PlyCount "162"]
[EventDate "2019.09.16"]
[EventType "tourn"]
[EventRounds "9"]
[EventCountry "ESP"]
[SourceTitle "EXT 2020"]
[Source "ChessBase"]
[SourceDate "2019.10.17"]
[SourceVersion "1"]
[SourceVersionDate "2019.10.17"]
[SourceQuality "1"]

1. d4 d5 2. c4 c6 3. Nc3 Nf6 4. cxd5 cxd5 5. Bf4 Nc6 6. e3 a6 7. Bd3 Bg4 8. Nge2 e6 9. 0-0 Be7 10. Rc1 0-0 11. Na4 Nd7 12. a3 Rc8 13. b4 e5 14. dxe5 Ndxe5 15. Bb1 Ng6 16. Bg3 Bf6 17. h3 Bxe2 18. Qxe2 Qe7 19. Qa2 Be5 20. Nb6 Rcd8 21. Nxd5 Qe6 22. Bxe5 Rxd5 23. Bg3 Rfd8 24. Qb3 h5 25. Bc2 h4 26. Bxg6 hxg3 27. Bc2 gxf2+ 28. Rxf2 Qe7 29. Rcf1 Ne5 30. Qc3 R5d7 31. a4 b5 32. axb5 axb5 33. Bb3 Rc7 34. Qb2 Qg5 35. Qe2 Rd3 36. Rxf7 Rxf7 37. Bxf7+ Kh8 38. Be8 Qxe3+ 39. Qxe3 Rxe3 40. Bxb5 Rb3 41. Rf5 Re3 42. Bf1 g6 43. Rf6 Kg7 44. Rd6 Rb3 45. b5 Rb2 46. Re6 Nf7 47. g3 Ng5 48. Re3 Kf6 49. h4 Ne6 50. Bc4 Nd4 51. g4 g5 52. h5 Rb4 53. Rc3 Rb2 54. Bf1 Nxb5 55. Rc6+ Ke7 56. Rb6 Rb4 57. Rxb5 Rxg4+ 58. Kf2 Kf6 59. Be2 Ra4 60. Kg3 Ra3+ 61. Bf3 Ra1 62. h6 Ra3 63. Rb6+ Kf7 64. Kg4 Rc3 65. Be4 Rc8 66. Kxg5 Kg8 67. Kg6 Rd8 68. Bf5 Kh8 69. Kf7 Rf8+ 70. Kg6 Rg8+ 71. Kh5 Rf8 72. Rb5 Rd8 73. Rb7 Re8 74. Kg6 Rg8+ 75. Rg7 Re8 76. Rh7+ Kg8 77. Kf6 Rf8+ 78. Kg6 Rxf5 79. Rg7+ Kh8 80. Rh7+ Kg8 81. Ra7 Rf8 1/2-1/2

[Event "EU-ch Amateur U2300"]
[Site "Rhodes"]
[Date "2019.04.10"]
[Round "5"]
[White "Shukan, Alexander"]
[Black "Andreev, Stanislav"]
[Result "0-1"]
[WhiteElo "2088"]
[BlackElo "2140"]
[PlyCount "88"]
[EventDate "2019.04.06"]
[EventType "tourn"]
[EventRounds "9"]
[EventCountry "GRE"]
[SourceTitle "CBM 189 Extra"]
[Source "ChessBase"]
[SourceDate "2019.06.03"]
[SourceVersion "1"]
[SourceVersionDate "2019.06.03"]
[SourceQuality "1"]

1. e4 c6 2. Nc3 d5 3. Nf3 dxe4 4. Nxe4 Nf6 5. Qe2 Nxe4 6. Qxe4 Qa5 7. Bc4 Bf5 8. Qf4 e6 9. 0-0 Be7 10. d3 0-0 11. Bd2 Qd8 12. Bc3 Nd7 13. g4 Bg6 14. h4 e5 15. Nxe5 Nxe5 16. Qxe5 Bf6 17. Qh2 Bxh4 18. f4 b5 19. Bb3 a5 20. a3 h6 21. g5 hxg5 22. f5 Bh5 23. Qe5 Qf6 24. Qc7 Qd8 25. Qe5 Qf6 26. Qc7 Qd8 27. Qxc6 Rb8 28. Be5 a4 29. Ba2 Rc8 30. Qg2 Re8 31. d4 Rxe5 32. dxe5 Qd4+ 33. Kh1 Qxe5 34. c3 Be2 35. Qd5 Qf6 36. Rfd1 g4 37. Kg1 Bg5 38. Kf2 Bf3 39. Qxb5 Qh6 40. Bxf7+ Kh8 41. Qe5 Bf4 42. Rh1 Bxh1 43. Qe7 Qh2+ 44. Ke1 Bd2+ 0-1

[Event "EU-ch Amateur U2300"]
[Site "Rhodes"]
[Date "2019.04.09"]
[Round "4"]
[White "Andreev, Stanislav"]
[Black "Brouwer, Dennis"]
[Result "1-0"]
[WhiteElo "2140"]
[BlackElo "2179"]
[PlyCount "160"]
[EventDate "2019.04.06"]
[EventType "tourn"]
[EventRounds "9"]
[EventCountry "GRE"]
[SourceTitle "CBM 189 Extra"]
[Source "ChessBase"]
[SourceDate "2019.06.03"]
[SourceVersion "1"]
[SourceVersionDate "2019.06.03"]
[SourceQuality "1"]

1. d4 Nf6 2. c4 g6 3. Nc3 d5 4. cxd5 Nxd5 5. e4 Nxc3 6. bxc3 Bg7 7. Bc4 c5 8. Ne2 Nc6 9. Be3 0-0 10. 0-0 Bg4 11. f3 Bd7 12. Rb1 Qc7 13. Bf4 Qc8 14. d5 Na5 15. Bb5 Bxb5 16. Rxb5 Nc4 17. Rb1 b6 18. Qa4 Na5 19. c4 e5 20. Bg5 f5 21. Nc3 Rf7 22. Nb5 Qd7 23. Qc2 Nb7 24. a4 Bf6 25. Bxf6 Rxf6 26. f4 Re8 27. Qb2 Qe7 28. Nxa7 Na5 29. fxe5 Qxe5 30. Qxe5 Rxe5 31. Nc6 Rxe4 32. Rxb6 Nxc6 33. dxc6 Re8 34. Rd1 Kf7 35. Rd7+ Ke6 36. Rxh7 Ke5 37. Rd7 Kf4 38. Kf2 Rfe6 39. g3+ Kg4 40. Rd2 Rc8 41. a5 Rcxc6 42. Rdb2 g5 43. Rxc6 Rxc6 44. Rb6 Rc8 45. a6 Rd8 46. Re6 Rd7 47. Re2 f4 48. Ra2 Rh7 49. Kf1 Ra7 50. Kg2 Kf5 51. h3 Ke4 52. gxf4 Kxf4 53. Ra4 Ke4 54. Kg3 Kd4 55. Kg4 Kc3 56. Kxg5 Kb3 57. Ra1 Kxc4 58. h4 Kb3 59. Rb1+ Ka3 60. Kf5 c4 61. Ke4 Ka2 62. Rb4 Rxa6 63. Rxc4 Kb3 64. Rd4 Kc3 65. Rd3+ Kc4 66. Rh3 Rh6 67. h5 Kc5 68. Ke5 Kc6 69. Kf5 Kd7 70. Kg5 Rh8 71. Kg6 Re8 72. Rd3+ Kc6 73. h6 Rg8+ 74. Kf7 Rg1 75. Rd4 Rf1+ 76. Kg6 Rg1+ 77. Kh5 Kc5 78. Rh4 Rd1 79. h7 Rd8 80. Kg6 Kd5 1-0

[Event "EU-ch Amateur U2300"]
[Site "Rhodes"]
[Date "2019.04.07"]
[Round "2"]
[White "Andreev, Stanislav"]
[Black "Samaridis, Konstantinos"]
[Result "1-0"]
[WhiteElo "2140"]
[BlackElo "2022"]
[PlyCount "65"]
[EventDate "2019.04.06"]
[EventType "tourn"]
[EventRounds "9"]
[EventCountry "GRE"]
[SourceTitle "CBM 189 Extra"]
[Source "ChessBase"]
[SourceDate "2019.06.03"]
[SourceVersion "1"]
[SourceVersionDate "2019.06.03"]
[SourceQuality "1"]

1. d4 Nf6 2. c4 g6 3. Nc3 d5 4. cxd5 Nxd5 5. e4 Nxc3 6. bxc3 Bg7 7. Bc4 c5 8. Ne2 Nc6 9. Be3 0-0 10. 0-0 b6 11. Rb1 Na5 12. Bd5 Rb8 13. Bf4 e6 14. Bxb8 exd5 15. Bxa7 Nc4 16. dxc5 Qe7 17. Bxb6 dxe4 18. Nd4 Qg5 19. f4 exf3 20. Nxf3 Qe3+ 21. Kh1 Bxc3 22. Qc1 Nd2 23. Nxd2 Bxd2 24. Qc2 Qh6 25. Bc7 Be6 26. Rbd1 Be3 27. Bd6 Ra8 28. a4 Qh4 29. Rde1 Bf5 30. Qe2 Bg5 31. a5 Rxa5 32. Qe8+ Kg7 33. Bf8+ 1-0

[Event "Primorsko Dyuni op 1st"]
[Site "Primorsko"]
[Date "2016.05.24"]
[Round "7"]
[White "Andreev, Stanislav"]
[Black "Genova, Liubka"]
[Result "0-1"]
[WhiteElo "2148"]
[BlackElo "2193"]
[PlyCount "98"]
[EventDate "2016.05.21"]
[EventType "swiss"]
[EventRounds "7"]
[EventCountry "BUL"]
[SourceTitle "CBM 172 Extra"]
[Source "ChessBase"]
[SourceDate "2016.06.21"]
[SourceVersion "1"]
[SourceVersionDate "2016.06.21"]
[SourceQuality "1"]

1. d4 Nf6 2. c4 e6 3. Nc3 Bb4 4. e3 Bxc3+ 5. bxc3 d6 6. Bd3 Nbd7 7. Ne2 b6 8. e4 Bb7 9. Qc2 e5 10. 0-0 h5 11. Bg5 h4 12. f4 Qe7 13. c5 Rh5 14. g4 Rxg5 15. fxg5 Nh7 16. g6 fxg6 17. cxd6 cxd6 18. d5 Qg5 19. Nc1 Qxg4+ 20. Qg2 Qxg2+ 21. Kxg2 Rc8 22. Ne2 Nc5 23. Bc2 Ng5 24. Rae1 Ncxe4 25. Bxe4 Nxe4 26. Nf4 Nf6 27. Nxg6 Bxd5+ 28. Kh3 Rxc3+ 29. Kxh4 Bg2 30. Nxe5 Bxf1 31. Nf3+ Kf7 32. Rxf1 Rc4+ 33. Kg3 Ra4 34. Ra1 Ne4+ 35. Kg2 Kf6 36. a3 d5 37. Rd1 Rxa3 38. Rxd5 Ra5 39. Rd7 g6 40. Nd4 Ra2+ 41. Kf3 Ng5+ 42. Kg4 Rg2+ 43. Kf4 Ne6+ 44. Nxe6 Kxe6 45. Rxa7 Rxh2 46. Rb7 Rb2 47. Kg5 Kd6 48. Kxg6 Kc6 49. Rb8 Rf2 0-1

[Event "BUL-chT2"]
[Site "Sunny Beach"]
[Date "2014.09.21"]
[Round "3.3"]
[White "Slavov, Dimitar"]
[Black "Andreev, Stanislav"]
[Result "1/2-1/2"]
[WhiteElo "2217"]
[BlackElo "2151"]
[PlyCount "58"]
[EventDate "2014.09.19"]
[EventType "team-swiss"]
[EventRounds "7"]
[EventCountry "BUL"]
[SourceTitle "EXT 2015"]
[Source "ChessBase"]
[SourceDate "2014.11.20"]
[SourceVersion "1"]
[SourceVersionDate "2014.11.20"]
[SourceQuality "1"]
[WhiteTeam "Pazardzhik"]
[BlackTeam "Sofia Slavia"]
[WhiteTeamCountry "BUL"]
[BlackTeamCountry "BUL"]

1. c4 c6 2. Nc3 d5 3. d4 Nf6 4. Nf3 dxc4 5. e3 Bf5 6. Bxc4 e6 7. 0-0 Be7 8. Bd3 Bg4 9. h3 Bh5 10. Be2 Nbd7 11. b3 0-0 12. Bb2 Qa5 13. Nd2 Bxe2 14. Qxe2 Nd5 15. Rfc1 N7f6 16. e4 Nxc3 17. Bxc3 Qh5 18. Qxh5 Nxh5 19. g3 Nf6 20. Kg2 Rfd8 21. a4 Rac8 22. Kf3 h5 23. Ke3 c5 24. Nf3 b6 25. dxc5 Bxc5+ 26. Bd4 Bxd4+ 27. Nxd4 Kf8 28. Ne2 Ke7 29. Rxc8 Rxc8 1/2-1/2

[Event "BUL-chT GpB 63rd"]
[Site "Sunny Beach"]
[Date "2013.09.24"]
[Round "8.5"]
[White "Andreev, Stanislav"]
[Black "Vasilev, Dimitar"]
[Result "1-0"]
[WhiteElo "2142"]
[BlackElo "1807"]
[PlyCount "47"]
[EventDate "2013.09.19"]
[EventType "team-tourn"]
[EventRounds "9"]
[EventCountry "BUL"]
[SourceTitle "CBM 156 Extra"]
[Source "ChessBase"]
[SourceDate "2013.10.22"]
[SourceVersion "1"]
[SourceVersionDate "2013.10.22"]
[SourceQuality "1"]
[WhiteTeam "Sofia CSKA"]
[BlackTeam "Slivnitsa Geroy"]
[WhiteTeamCountry "BUL"]
[BlackTeamCountry "BUL"]

1. d4 Nf6 2. c4 e6 3. Nc3 d5 4. cxd5 exd5 5. Bg5 Be7 6. e3 0-0 7. Bd3 c6 8. Qc2 Nbd7 9. Nf3 Re8 10. 0-0 Nf8 11. Bh4 Ng6 12. Bg3 Bd6 13. Rab1 Bg4 14. b4 a6 15. a4 Qe7 16. b5 Bxg3 17. hxg3 axb5 18. axb5 Ne4 19. bxc6 bxc6 20. Rfe1 Rab8 21. Rxb8 Rxb8 22. Nxe4 dxe4 23. Bxe4 Rc8 24. Rc1 1-0

[Event "BUL-chT GpB 63rd"]
[Site "Sunny Beach"]
[Date "2013.09.20"]
[Round "2.5"]
[White "Andreev, Stanislav"]
[Black "Yotov, Yoto"]
[Result "1-0"]
[WhiteElo "2142"]
[BlackElo "2049"]
[PlyCount "97"]
[EventDate "2013.09.19"]
[EventType "team-tourn"]
[EventRounds "9"]
[EventCountry "BUL"]
[SourceTitle "CBM 156 Extra"]
[Source "ChessBase"]
[SourceDate "2013.10.22"]
[SourceVersion "1"]
[SourceVersionDate "2013.10.22"]
[SourceQuality "1"]
[WhiteTeam "Sofia CSKA"]
[BlackTeam "Lovech"]
[WhiteTeamCountry "BUL"]
[BlackTeamCountry "BUL"]

1. d4 d5 2. c4 c6 3. Nc3 Nf6 4. e3 g6 5. Bd3 Bg7 6. Nf3 0-0 7. 0-0 Bf5 8. Bxf5 gxf5 9. Qb3 Qb6 10. Qxb6 axb6 11. cxd5 Nxd5 12. Nxd5 cxd5 13. Bd2 Rc8 14. a3 Nc6 15. Rfc1 Na5 16. Bxa5 bxa5 17. Kf1 e6 18. Ke2 f6 19. Kd2 Bf8 20. Rxc8 Rxc8 21. Rc1 Rxc1 22. Kxc1 Kf7 23. Kc2 b5 24. Kc3 Ke8 25. Ne1 Kd7 26. Nd3 Kc6 27. b4 axb4+ 28. axb4 Kd6 29. Nc5 e5 30. Kd3 Bh6 31. g3 Bf8 32. Ke2 Bh6 33. Nd3 Bf8 34. Kf1 Bh6 35. f4 exd4 36. exd4 Bf8 37. Kf2 h5 38. Nc5 Be7 39. Kg2 Kc6 40. Nd3 Bd8 41. Ne1 h4 42. gxh4 Kd7 43. Nc2 Ke6 44. h5 Be7 45. Kf3 Bf8 46. Ke3 Kf7 47. Na3 Bxb4 48. Nxb5 Ba5 49. Nd6+ 1-0